| 000 | 00370nam a22001457a 4500 | ||
|---|---|---|---|
| 999 |
_c256731 _d256730 |
||
| 003 | OSt | ||
| 005 | 20180226122225.0 | ||
| 008 | 180226b xxu||||| |||| 00| 0 eng d | ||
| 020 | _a978162779-7092 | ||
| 040 | _cN/a | ||
| 100 | _aNathan thrall | ||
| 245 | _aThe only language they understand | ||
| 260 |
_aNEW YORK _bMacmillan publishing group _c2017 |
||
| 942 |
_2lcc _cBK |
||